000 00445nam a2200205Ia 4500
001 13312
003 GE_BSU
008 181216s||||||||xx |||||||||||||| ||und||
020 _a0755305760
040 _cGE_BSU
080 _a821.111-312.4
100 _aPatterson,James; Roughan,Howard.
245 _aHoneymoon.
260 _aLondon.
260 _bHeadline.
260 _c2005
300 _a311p;24cm.
653 _aHoneymoon.
942 _cBK
999 _c46474
_d46474